Multiplicative theory of ideals /
Guardado en:
| Autor Principal: | |
|---|---|
| Otros Autores: | |
| Formato: | Libro |
| Idioma: | English |
| Publicado: |
New York :
Academic Press,
1971.
|
| Series: | Pure and applied mathematics (Academic Press) ;
43. |
| Materias: | |
| Etiquetas: |
Agregar Etiqueta
Sin Etiquetas, Sea el primero en etiquetar este registro!
|
| LEADER | 00829cam a2200253 a 4500 | ||
|---|---|---|---|
| 001 | MAT.inmabb004630 | ||
| 008 | 710907s1971####nyu######b####001#0#eng## | ||
| 005 | 20130308130426.0 | ||
| 245 | 1 | 0 | |a Multiplicative theory of ideals / |c Max D. Larsen, Paul J. McCarthy. |
| 260 | |a New York : |b Academic Press, |c 1971. | ||
| 300 | |a xiv, 298 p. ; |c 24 cm. | ||
| 490 | 1 | |a Pure and applied mathematics ; |v v. 43 | |
| 504 | |a Bibliografía: p. 266-293. | ||
| 510 | 4 | |a MR, |c 54 #2629 | |
| 020 | |a 0124368506 | ||
| 100 | 1 | |a Larsen, Max D. | |
| 700 | 1 | |a McCarthy, Paul J. |q (Paul Joseph), |d 1928- | |
| 830 | 0 | |a Pure and applied mathematics (Academic Press) ; |v 43. | |
| 650 | 0 | |a Commutative rings. | |
| 650 | 0 | |a Ideals (Algebra) | |
| 084 | |a 13-02 |2 msc2000 | ||
| 010 | |a 72154401 | ||
| 040 | |a DLC |c DLC |d DLC | ||
| 859 | |h 13 |i L334 |p A-4304 |b BIB. MATEMATICA | ||
